The history of ink : including its etymology, chemistry, and bibliography.

Bibliographic Details
Main Author: Davids, Thaddeus
Format: Book
Language:English
Published: New York : Thaddeus Davids, [1860]
Subjects:

MARC

Tag First Indicator Second Indicator Subfields
LEADER 00000cam a2200000 4500
001 in00000663921
005 20151015092551.0
008 801017r18601860miufh a 00010 eng d
035 |a (OCoLC)06833968 
035 |9 ACY6934AM 
040 |a EEU  |c TXA  |d UtOrBLW 
049 |a TXAI 
090 |a TP947  |b .D25 
099 |a film  |a B  |a 1512  |a reel  |a 349.6 
100 1 |a Davids, Thaddeus. 
245 1 4 |a The history of ink :  |b including its etymology, chemistry, and bibliography. 
264 1 |a New York :  |b Thaddeus Davids,  |c [1860] 
264 4 |c ©1860 
300 |a 72, 4, 7 pages :  |b facsimiles, plates. ;  |c 20 cm. 
336 |a text  |b txt  |2 rdacontent 
337 |a microform  |b h  |2 rdamedia 
338 |a microfilm reel  |b hd  |2 rdacarrier 
500 |a Added title page. 
500 |a Microfilm. Ann Arbor, Mich., University Microfilms [n.d.] (American Culture Series, Reel 349.6) 
500 |a Microform. 
650 0 |a Ink. 
999 |a MARS 
999 f f |s 9e64acde-802a-3c4b-8d9a-53205424a070  |i 19f42983-bda7-3949-a9aa-2d66bede32fc  |t 0 
952 f f |p default  |a Texas A&M University  |b College Station  |c Sterling C. Evans Library  |d Evans: Microforms (3rd floor)  |t 0  |e film B 1512 reel 349.6  |h Other scheme  |i microform -- microfilm reel 
998 f f |a film B 1512 reel 349.6  |t 0  |l Evans: Microforms (3rd floor)